书目信息 |
| 题名: |
乌龙茶鉴赏与冲泡
|
|
| 作者: | 于潇 , 赵宁 著 | |
| 分册: | ||
| 出版信息: | 北京 中国轻工业出版社 2009 |
|
| 页数: | 122页 | |
| 开本: | 24cm | |
| 丛书名: | ||
| 单 册: | ||
| 中图分类: | TS272.5 | |
| 科图分类: | ||
| 主题词: | 乌龙茶--基本知识 , 乌龙茶 | |
| 电子资源: | ||
| ISBN: | 978-7-5019-7278-4 | |
| 000 | 01080nam0 2200277 45 | |
| 001 | 1138464266 | |
| 005 | 20110419100757.14 | |
| 010 | @a978-7-5019-7278-4@dCNY26.00 | |
| 100 | @a20110409d2009 ekmy0chiy0120 ea | |
| 101 | 0 | @achi |
| 102 | @aCN@b110000 | |
| 105 | @aabk z 000yy | |
| 106 | @ar | |
| 200 | 1 | @a乌龙茶鉴赏与冲泡@AWu Long Cha Jian Shang Yu Chong Pao@f于潇,赵宁著@FYu Xiao, Zhao Ning Zhu |
| 210 | @a北京@c中国轻工业出版社@d2009 | |
| 215 | @a122页@c图, 地图, 照片@d24cm | |
| 312 | @a封面英文并列题名:Appreciation and brewing of oolong | |
| 330 | @a本书涵盖了乌龙茶的起源、分类、生产、贮存、鉴赏、冲泡、养身及保健,介绍了乌龙茶基本特性,种类,制作方法,品级特点,产地、香味、颜色及冲泡提示和饮用建议。本书是一本宝贵的对于乌龙茶鉴赏、冲泡的书籍,也是一本易于理解、实用性很强的指导书。 | |
| 510 | 1 | @aAppreciation and brewing of oolong@zeng |
| 606 | 0 | @a乌龙茶@x基本知识 |
| 606 | 0 | @a乌龙茶 |
| 690 | @aTS272.5@v4 | |
| 701 | 0 | @a于潇@AYu Xiao@4著 |
| 701 | 0 | @a赵宁@AZhao Ning@4著 |
| 801 | 0 | @aCN@bTANGWEI@c20110419 |
| 905 | @b0535925-29@dTS272.5@e139@f5 | |
| 乌龙茶鉴赏与冲泡/于潇,赵宁著.-北京:中国轻工业出版社,2009 |
| 122页:图, 地图, 照片;24cm |
| ISBN 978-7-5019-7278-4:CNY26.00 |
| 本书涵盖了乌龙茶的起源、分类、生产、贮存、鉴赏、冲泡、养身及保健,介绍了乌龙茶基本特性,种类,制作方法,品级特点,产地、香味、颜色及冲泡提示和饮用建议。本书是一本宝贵的对于乌龙茶鉴赏、冲泡的书籍,也是一本易于理解、实用性很强的指导书。 |
| ● |
| 相关链接 |
|
|
|
|
正题名:乌龙茶鉴赏与冲泡
索取号:TS272.5/139
 
预约/预借
| 序号 | 登录号 | 条形码 | 馆藏地/架位号 | 状态 | 备注 |
| 1 | 0535925 | 205359253 | 第二样本阅览室/ [索取号:TS272.5/139] | 在馆 | |
| 2 | 0535926 | 205359262 | 第三借阅区/ [索取号:TS272.5/139] | 在馆 | |
| 3 | 0535927 | 205359271 | 第三借阅区/ [索取号:TS272.5/139] | 在馆 | |
| 4 | 0535928 | 205359280 | 第三借阅区/ [索取号:TS272.5/139] | 在馆 | |
| 5 | 0535929 | 205359299 | 第三借阅区/ [索取号:TS272.5/139] | 在馆 |